Quiz Pays Frontaliers - Europe - Statistiques

Statistiques générales
  • Ce quiz a été pris 28 fois
  • Le résultat moyen est 41 sur 45
Statistiques - réponses
Pays Pays frontalier % Correct
Albanie 4
100%
Islande 0
96%
Danemark 1
96%
Irlande 1
96%
Andorre 2
96%
Liechtenstein 2
96%
Espagne 3
96%
Finlande 3
96%
Grèce 3
96%
Belgique 4
96%
Biélorussie 5
96%
Italie 6
96%
Allemagne 9
96%
Estonie 2
93%
Bosnie-Herzégovine 3
93%
Luxembourg 3
93%
Bulgarie 4
93%
Croatie 4
93%
Lettonie 4
93%
Lituanie 4
93%
Kosovo 5
93%
Autriche 8
93%
France 8
93%
Malte 0
89%
Monaco 1
89%
Portugal 1
89%
Royaume-Uni 1
89%
Saint-Marin 1
89%
Vatican 1
89%
Moldavie 2
89%
Pays-Bas 2
89%
Suède 2
89%
Norvège 3
89%
Slovénie 4
89%
Macédoine du Nord 5
89%
Suisse 5
89%
Hongrie 7
89%
Pologne 7
89%
Monténégro 4
85%
République Tchèque 4
85%
Roumanie 5
85%
Slovaquie 6
85%
Ukraine 7
85%
Russie 8
85%
Serbie 8
85%
Aucun quiz correspondant
Distribution des résultats
% des personnes avec chaque résultat
Percentile par nombre de réponses
Votre historique - résultats
Vous n’avez pas pris ce quiz